Członkowie starej ekipy - Statystyki

Ogólne statystyki
  • Ten quiz został rozwiązany 14 razy
  • Średni wynik to 9 z 11
Statystyki odpowiedzi
(: nazwa % Poprawnych
1 Friz
100%
2 Wersow
100%
7 Mini Majk
90%
8 Murcix
90%
10 Tromba
90%
5 Wujek Łuki
90%
11 Marcysia
80%
4 Poczciwy Krzychu
80%
3 Patecki
60%
6 Fusialka
50%
9 Nowciax
50%
Nie znaleziono quizów pasujących do podanych kryteriów
Rozkład punktacji
Procent ludzi z każdym wynikiem
Percentyl według liczby udzielonych odpowiedzi
Twoja historia wyników
Nie rozwiązałeś tego quizu